Villarreal CF Squad 2019-20 - Statistics

General Stats
  • This quiz has been taken 6 times
  • The average score is 8 of 25
Answer Stats
Squad Number Position Nationality Player % Correct
18 LB Spanish Alberto Moreno
67%
1 GK Spanish Sergio Asenjo
67%
9 ST Colombian Carlos Bacca
50%
11 RW Nigerian Samuel Chukwueze
50%
8 AM Spanish Santi Cazorla
50%
19 CM Cameroonian André-Frank Zambo Anguissa
33%
13 GK Spanish Andrés Fernández
33%
21 DM Spanish Bruno
33%
7 ST Spanish Gerard
33%
14 CM Spanish Manu Trigueros
33%
25 GK Argentine Mariano Barbosa
33%
2 RB Spanish Mario Gaspar
33%
17 ST Spanish Paco Alcácer
33%
4 CB Spanish Pau Torres
33%
6 CB Argentine Ramiro Funes Mori
33%
3 CB Spanish Raúl Albiol
33%
10 DM Spanish Vicente Iborra
33%
- Manager Spanish Javier Calleja
17%
24 RW Spanish Javi Ontiveros
17%
15 AM Spanish Manu Morlanes
17%
23 AM Spanish Moi Gómez
17%
26 CM Greek Ramiro Guerra
17%
20 RB Spanish Rubén Peña
17%
22 CB Moroccan Sofian Chakla
17%
16 LB Spanish Xavi Quintillà
17%
No matching quizzes found
Score Distribution
Percent of People with Each Score
Percentile by Number Answered
Your Score History
You have not taken this quiz